000 00580nam a2200217Ia 4500
003 OSt
005 20220924153550.0
006 a|||||r|||| 00| 0
007 ta
008 220923b |||||||| |||| 00| 0 mar d
024 _a350741
037 _cTextual
040 _aARTS
_cARTS
_bmar
041 _2mar
_amar
082 _aO155,6:g(Y15), N2
100 _aShirsagar P S K Au.
_9229210
245 0 _aStree jeevan ani vivah vishyak lekh sangrah
260 _c1992
942 _hO155,6:g(Y15), N2
_cTEXL
_2CC
999 _c474051
_d474051